00544nam a22001817a 450000500170000001000150001702000260003202000230005803500130008103700130009408200130010724500880012026000430020827000450025130000310029670000190032770000160034620100820155238.0 aENG-101028 a9788173815072c350.00 a8173815070c350.00 aEN-84561 bDBAD/PUB 2615.8512 aThe Indian handbook of clinical hypnosis /cedited by Bhaskar Vyas [and] Rajni Vyas aKolkatabNew Central Book Agencyc2006 a8/1 Chintamoni Das LanebKolkatae700009 axv,360p.:bill.c24cm (Hb) aVyas, Bhaskar  aVyas, Rajni